000 00574nam a2200205 a 4500
005 20140310183204.0
008 030204s19uu xx 00 eng d
050 _aHC 106.8
_b.D367 1993
100 _aDavidson, James Dale
245 _aThe Plague of the black debt :
_bhow to survive the coming depression /
_cJames Dale Davidson.
300 _a114 p. :
_c18 cm.
521 _aBSBA
650 _aEconomic forecasting
650 _aInvestments
650 _aDepression
650 _aFinancial security
942 _cBK
_2lcc
_kFOR
999 _c19958
_d19958